LEADER 01586cam a2200313 i 4500 001 991003500739707536 008 180517s1985 gaua f 0 1 eng d 020 $a1931862710 035 $ab14342844-39ule_inst 040 $aBibl. Dip.le Aggr. Ingegneria Innovazione - Sez. Ingegneria Innovazione$beng 082 00$a697.05$221 245 10$a2005 ASHRAE handbook .$pFundamentals /$cAmerican Society of Heating, Refrigerating and Air-Conditioning Engineers, Inc. 246 30$aASHRAE handbook :$bfundamentals 250 $aSI ed. 260 $aAtlanta, Ga. :$bAmerican Society of Heating, Refrigerating, and Air-Conditioning Engineers,$cc2005 300 $a1 v. (various pagings) :$bill. ;$c28 cm +$e1 CD ROM 500 $aIncludes index 650 0$aHeating$vHandbooks, manuals, etc. 650 0$aRefrigeration and refrigerating machinery$vHandbooks, manuals, etc. 650 0$aAir conditioning$vHandbooks, manuals, etc. 650 0$aVentilation$vHandbooks, manuals, etc. 710 2 $aAmerican Society of Heating, Refrigerating and Air-Conditioning Engineers$eauthor$4http://id.loc.gov/vocabulary/relators/aut$029622 907 $a.b14342844$b23-05-18$c17-05-18 912 $a991003500739707536 945 $aLE026 ASH H 2005$g1$i2026000071886$lle026$nProf. Starace / Dono$og$pE179.00$q-$rn$s- $t1$u0$v0$w0$x0$y.i15847238$z17-05-18 945 $aLE026 cd-rom n. 421$ccd$g1$i2026000071893$lle026$og$pE0.00$q-$rn$s- $t1$u0$v0$w0$x0$y.i15848401$z23-05-18 996 $a2005 ASHRAE handbook$9784742 997 $aUNISALENTO 998 $ale026$b17-05-18$cs$da $e $feng$ggau$h0$i0 LEADER 00886nam a22002411i 4500 001 991002358939707536 005 20040306173259.0 008 040407s1948 fr |||||||||||||||||fre 035 $ab12910880-39ule_inst 035 $aARCHE-089050$9ExL 040 $aDip.to Scienze Storiche$bita$cA.t.i. Arché s.c.r.l. Pandora Sicilia s.r.l. 082 04$a799.16 100 1 $aDardel, Eric$0129553 245 13$aLa pêches maritimes /$cpar Eric Dardel 260 $aParis :$bPresses universitaires de France,$c1948 300 $a319 p. ;$c25 cm 650 4$aPesca nelle acque marittime 907 $a.b12910880$b02-04-14$c16-04-04 912 $a991002358939707536 945 $aLE009 GEOG.12-404$g1$i2009000237278$lle009$o-$pE0.00$q-$rn$so $t0$u0$v0$w0$x0$y.i13479507$z16-04-04 996 $aPêches maritimes$9304049 997 $aUNISALENTO 998 $ale009$b16-04-04$cm$da $e-$ffre$gfr $h3$i1 LEADER 00949nam0-2200301 --450 001 9910775699103321 005 20240122100031.0 100 $a20240122d1980----kmuy0itay5050 ba 101 0 $aeng 102 $aUS 105 $aa 001yy 200 1 $aResponses of plants to environmental stresses$fJ. Levitt 205 $a2. ed 210 $aNew York $cAcademic Press$d1980 215 $a2 v.$cill.$d24 cm 225 1 $aPhysiological ecology 327 $a1.: Chilling, freezing, and high temperature stresses$a2.: Water, radiation, salt, and other stresses 610 0 $aPatologia vegetale 676 $a581.24$v20$zita 700 1$aLevitt,$bJacob$0440037 801 0$aIT$bUNINA$gREICAT$2UNIMARC 901 $aBK 912 $a9910775699103321 952 $aA PAT 714-1$b443/2024$fFAGBC 952 $aA PAT 714-2$b444/2024$fFAGBC 959 $aFAGBC 996 $aResponses of plants to environmental stresses$974698 997 $aUNINA LEADER 01966oam 2200313z- 450 001 9910854299603321 005 20230913112557.0 010 $a1-78969-724-7 035 $a(CKB)4900000000578568 035 $a(BIP)079131840 035 $a(BIP)079634489 035 $a(EXLCZ)994900000000578568 100 $a20221108c2021uuuu -u- - 101 0 $aeng 200 10$aEarthen Construction Technology: Proceedings of the XVIII UISPP World Congress (4-9 June 2018, Paris, France) Volume 11 Session IV-5 210 $cArchaeopress Publishing Ltd 215 $a1 online resource (168 p.) $cill 311 $a1-78969-723-9 330 8 $aEarthen Construction Technology presents the papers from Session IV-5 of the 18th UISPP World Congress (Paris, June 2018). The archaeological study of earthen construction has until now focused on typology and conservation, rather than on its anthropological importance. Earth is the permanent building material of humankind, and was used by the world's earliest civilizations for their first urban programmes. The architectural and engineering know-how required to carry out these monumental achievements can only be obtained through archaeological research: extensive excavations with attention to architectural and structural features, and their collapse, coupled with typological, mineralogical, micromorphological, botanical, chemical, and mechanical studies of building materials. This line of research is recent, starting in the 1980s in Europe, but is rapidly growing and illustrated in this volume. 517 $aEarthen Construction Technology 610 $aArchaeology 610 $aSocial science 676 $a693.2 702 $aDaneels$b Annick$4edt 702 $aTorras Freixa$b Maria$4edt 906 $aBOOK 912 $a9910854299603321 996 $aEarthen Construction Technology: Proceedings of the XVIII UISPP World Congress (4-9 June 2018, Paris, France) Volume 11 Session IV-5$94159767 997 $aUNINA